Bizonyítási stratégiák megítélése 10-17 éves korban

Elmentve itt :
Bibliográfiai részletek
Szerző: Csíkos Csaba
Dokumentumtípus: Cikk
Megjelent: 2001
Sorozat:Magyar pedagógia : a Magyar Tudományos Akadémia Pedagógiai Bizottságának folyóirata 101 No. 3
Kulcsszavak:Problémamegoldás matematikai, Gondolkodás módszertana kutatási jelentés 2001
Online Access:http://misc.bibl.u-szeged.hu/13962
LEADER 00745nab a2200181 i 4500
001 misc13962
005 20191106140850.0
008 170607s2001 hu o 0|| hun d
022 |a 0025-0260 
040 |a SZTE Miscellanea Repozitórium  |b hun 
041 |a hun 
100 1 |a Csíkos Csaba 
245 1 0 |a Bizonyítási stratégiák megítélése 10-17 éves korban  |h [elektronikus dokumentum] /  |c  Csíkos Csaba 
260 |c 2001 
300 |a 319-345 
490 0 |a Magyar pedagógia : a Magyar Tudományos Akadémia Pedagógiai Bizottságának folyóirata  |v 101 No. 3 
695 |a Problémamegoldás matematikai, Gondolkodás módszertana kutatási jelentés 2001 
856 4 0 |u http://misc.bibl.u-szeged.hu/13962/1/mp_2001_003_6295_319-345.pdf  |z Dokumentum-elérés